[Event "Ceriano Laghetto op-B 15th"]
[Site "Ceriano Laghetto"]
[Date "2006.04.02"]
[Round "5"]
[White "Gagliani, Stefano"]
[Black "Sartorio, Diego"]
[Result "0-1"]
[WhiteElo "1698"]
[BlackElo "1924"]
[PlyCount "112"]
[EventDate "2006.03.31"]
[EventType "swiss"]
[EventRounds "5"]
[EventCountry "ITA"]
[SourceTitle "EXT 2011"]
[Source "ChessBase"]
[SourceDate "2010.11.26"]
[SourceVersion "1"]
[SourceVersionDate "2010.11.26"]
[SourceQuality "1"]

1. d4 d5 2. c4 e6 3. Nc3 c6 4. e3 f5 5. Bd3 Bd6 6. Nge2 Nf6 7. c5 Bc7 8. f3 0-0 9. Ng3 Bd7 10. Bd2 Be8 11. Nce2 Nbd7 12. Qc2 Rb8 13. h4 Nh5 14. Nxh5 Bxh5 15. f4 Nf6 16. Ng3 Qe8 17. Be2 Bxe2 18. Kxe2 Qg6 19. Kf3 Ne4 20. Nxe4 fxe4+ 21. Kf2 Bxf4 22. Kg1 Bg3 23. Be1 Rf7 24. Bxg3 Qxg3 25. Rh3 Qg4 26. Rf1 Rxf1+ 27. Kxf1 Rf8+ 28. Ke1 Qf5 29. Qe2 e5 30. g4 Qf6 31. dxe5 Qxe5 32. a3 Qe7 33. b4 Qf6 34. Rh1 Qa1+ 35. Qd1 Qxa3 36. Qd2 Qa1+ 37. Qd1 Qxd1+ 38. Kxd1 Rf2 39. Kc1 Re2 40. Rh3 Kf7 41. Rg3 Ke6 42. h5 b6 43. cxb6 axb6 44. g5 c5 45. bxc5 bxc5 46. Kd1 Rf2 47. g6 h6 48. Rg1 d4 49. exd4 cxd4 50. Ke1 e3 51. Rg4 Ke5 52. Rg3 Kf4 53. Rh3 Kg4 54. Rh1 d3 55. Rg1+ Kf3 56. Rh1 Kg2 0-1

[Event "Ceriano Laghetto op-B 15th"]
[Site "Ceriano Laghetto"]
[Date "2006.04.01"]
[Round "3"]
[White "Cardani, Roberto"]
[Black "Gagliani, Stefano"]
[Result "1-0"]
[WhiteElo "1854"]
[BlackElo "1698"]
[PlyCount "93"]
[EventDate "2006.03.31"]
[EventType "swiss"]
[EventRounds "5"]
[EventCountry "ITA"]
[SourceTitle "EXT 2011"]
[Source "ChessBase"]
[SourceDate "2010.11.26"]
[SourceVersion "1"]
[SourceVersionDate "2010.11.26"]
[SourceQuality "1"]

1. e4 c5 2. Nf3 d6 3. d4 cxd4 4. Nxd4 Nf6 5. Nc3 e6 6. Be2 Be7 7. 0-0 0-0 8. f4 e5 9. Nb3 exf4 10. Bxf4 Nc6 11. Kh1 a6 12. a4 Be6 13. Bf3 Qd7 14. Nd5 Bxd5 15. exd5 Ne5 16. Nd4 Rac8 17. b3 Nxf3 18. Qxf3 Rc5 19. c4 b5 20. axb5 axb5 21. Nxb5 Nxd5 22. Ra7 Qd8 23. Bg3 Nc7 24. Nd4 d5 25. Bxc7 Rxc7 26. Rxc7 Qxc7 27. Qxd5 Bf6 28. Nb5 Qb8 29. h3 Rd8 30. Qf3 Rd2 31. Qg4 Qd8 32. Qf3 Rd3 33. Qf5 Rxb3 34. Qc2 Rb2 35. Qe4 h6 36. Qf3 Rd2 37. Qg4 Qd3 38. Rxf6 Rd1+ 39. Kh2 Qb1 40. Qc8+ Kh7 41. Qf5+ Qxf5 42. Rxf5 Kg8 43. Rc5 Kf8 44. Rc8+ Ke7 45. c5 Rc1 46. c6 Rc5 47. c7 1-0